Loading...
| Mythology | 0 | 5 | 0 | 1 | 50 | 34 | 104.40 | 2 | 5 | 0.00 | 0.00 |
| History - World | 0 | 4 | 0 | 2 | 40 | 83 | 104.75 | 3 | 4 | 0.00 | 0.00 |
| Other | 0 | 3 | 0 | 1 | 30 | 7 | 58.33 | 1 | 3 | 0.00 | 0.00 |
| Religion | 0 | 3 | 0 | 1 | 30 | 15 | 72.33 | 1 | 3 | 0.00 | 0.00 |
| Fine Arts - Other | 0 | 3 | 1 | 1 | 25 | 105 | 114.00 | 0 | 3 | 0.00 | 0.00 |
| History - European | 0 | 2 | 0 | 0 | 20 | 74 | 87.50 | 1 | 2 | 0.00 | 0.00 |
| Science - Physics | 0 | 2 | 1 | 1 | 15 | 31 | 77.50 | 1 | 2 | 0.00 | 0.00 |
| Social Science | 0 | 1 | 0 | 1 | 10 | 119 | 119.00 | 0 | 1 | 0.00 | 0.00 |
| Fine Arts - Painting & Sculpture | 0 | 1 | 0 | 0 | 10 | 53 | 53.00 | 1 | 1 | 0.00 | 0.00 |
| History - American | 0 | 1 | 0 | 1 | 10 | 135 | 135.00 | 0 | 1 | 0.00 | 0.00 |
| Literature - American | 0 | 1 | 0 | 0 | 10 | 36 | 36.00 | 1 | 1 | 0.00 | 0.00 |
| Science - Biology | 0 | 1 | 0 | 1 | 10 | 134 | 134.00 | 0 | 1 | 0.00 | 0.00 |
| History - Other | 0 | 1 | 1 | 1 | 5 | 139 | 139.00 | 0 | 1 | 0.00 | 0.00 |